MARC details
| 000 -CABECERA |
| campo de control de longitud fija |
02274cam a2200277 a 4500 |
| 001 - NÚMERO DE CONTROL |
| campo de control |
000006495 |
| 005 - FECHA Y HORA DE LA ÚLTIMA TRANSACCIÓN |
| campo de control |
20200929153934.0 |
| 008 - DATOS DE LONGITUD FIJA--INFORMACIÓN GENERAL |
| campo de control de longitud fija |
980417s1997 ck abc 001 0 spa |
| 020 ## - NÚMERO INTERNACIONAL ESTÁNDAR DEL LIBRO |
| Número Internacional Estándar del Libro |
9586145832 |
| 040 ## - FUENTE DE LA CATALOGACIÓN |
| Centro catalogador/agencia de origen |
DO-SdBNP |
| Centro/agencia transcriptor |
NDD |
| Centro/agencia modificador |
BNPHU |
| 082 ## - NÚMERO DE LA CLASIFICACIÓN DECIMAL DEWEY |
| Número de clasificación |
306.8 |
| Número de documento/Ítem |
R696s |
| 100 1# - ENTRADA PRINCIPAL--NOMBRE DE PERSONA |
| Nombre de persona |
Rodríguez, Pablo, |
| Fechas asociadas al nombre |
1955- |
| 9 (RLIN) |
17996 |
| 245 10 - MENCIÓN DE TÍTULO |
| Título |
Sentimientos y vida familiar en el Nuevo Reino de Granada, siglo XVIII / |
| Mención de responsabilidad, etc. |
Pablo Rodríguez. |
| 260 ## - PUBLICACIÓN, DISTRIBUCIÓN, ETC. |
| Lugar de publicación, distribución, etc. |
Santa Fe de Bogotá : |
| Nombre del editor, distribuidor, etc. |
Ariel, |
| Fecha de publicación, distribución, etc. |
1997. |
| 300 ## - DESCRIPCIÓN FÍSICA |
| Extensión |
339 p. : |
| Otras características físicas |
il. ; |
| Dimensiones |
21 cm. |
| 490 1# - MENCIÓN DE SERIE |
| Mención de serie |
Ariel historia |
| 504 ## - NOTA DE BIBLIOGRAFÍA, ETC. |
| Nota de bibliografía, etc. |
Bibliografías: p. [325]-339. |
| 520 1# - SUMARIO, ETC. |
| Sumario, etc. |
"Un estudio valioso de la familia de finales del siglo 18 y la estructura social en las zonas urbanas la Nueva Granada aclara los contornos de la vida doméstica en la colonia. Con datos de Cartagena de Indias, Tunja, Medellín y Cali, pero no Bogotá, Rodríguez bocetos patrones de las fases fundamentales y las instituciones de la vida social: la infancia, vejez, viudez, y el matrimonio, el divorcio y anulación. Conclusiones tales como la composición femenina abrumadora de la viudez, el empleo constante de las personas mayores y la violencia doméstica como la principal causa de divorcio de demostrar el carácter vital de la casa e ilustrar importantes las actitudes sociales en el cuerpo político "- Manual de LA valuable study of late-18th-century family and social structure in urban Nueva Granada clarifies contours of domestic life in the colony. Utilizing data from Cartagena de Indias, Tunja, Medellin, and Cali, but not Bogota, Rodriguez sketches patterns of fundamental phases and institutions of social life: childhood, old age, widowhood, and marriage, divorce, and annulment. Conclusions such as the overwhelming feminine makeup of widowhood, the continuing employment of the elderly, and domestic abuse as the principal cause of divorce demonstrate vital character of the home and illustrate important social attitudes within the body politic". |
| 650 #4 - PUNTO DE ACCESO ADICIONAL DE MATERIA--TÉRMINO DE MATERIA |
| Término de materia o nombre geográfico como elemento de entrada |
Familia |
| Subdivisión geográfica |
Colombia |
| Subdivisión general |
Historia |
| 9 (RLIN) |
15887 |
| 650 #4 - PUNTO DE ACCESO ADICIONAL DE MATERIA--TÉRMINO DE MATERIA |
| Término de materia o nombre geográfico como elemento de entrada |
Matrimonio |
| Subdivisión general |
Historia |
| 9 (RLIN) |
17997 |
| 650 #4 - PUNTO DE ACCESO ADICIONAL DE MATERIA--TÉRMINO DE MATERIA |
| Término de materia o nombre geográfico como elemento de entrada |
Ancianos |
| 9 (RLIN) |
17998 |
| 650 #4 - PUNTO DE ACCESO ADICIONAL DE MATERIA--TÉRMINO DE MATERIA |
| Término de materia o nombre geográfico como elemento de entrada |
Niños |
| Subdivisión geográfica |
Colombianos |
| 9 (RLIN) |
17999 |
| 651 #4 - PUNTO DE ACCESO ADICIONAL DE MATERIA--NOMBRE GEOGRÁFICO |
| Nombre geográfico |
Colombia |
| Subdivisión general |
Vida Social Y Costumbres |
| 9 (RLIN) |
18000 |
| 830 #0 - PUNTO DE ACCESO ADICIONAL DE SERIE-TÍTULO UNIFORME |
| Título uniforme |
Ariel historia. |
| 9 (RLIN) |
9024 |
| 910 ## - DATOS DE OPCIÓN DEL USUARIO (OCLC) |
| Datos de opción del usuario |
Catalogación por copia / LC |